Derechos reales limitados de goce

Bibliographic Details
Other Authors: Clemente Meoro, Mario E. (coord.)
Format: Book
Language:Spanish
Published: Madrid : Dykinson, cop. 2010
Series:Cuadernos prc̀ticos Bolonia. Derechos reales; 5
Subjects:
Online Access:Acceso restringido

MARC

LEADER 00000nam a2200000 a 4500
005 20110912131538.0
008 110301s2010 sp 001 0 spa c
020 |a 978-84-9982-067-5  
035 |a 5757 
040 |a vLex 
090 |c 2429  |d 2429 
245 0 0 |a Derechos reales limitados de goce  |h [Recurso electrn̤ico] /  |c Dr. Mario E. Clemente Meoro, coord.  
256 |a Servicio en ln̕ea. 
260 |a Madrid :  |b Dykinson,  |c cop. 2010 
300 |a 177 p. ;  |c 22 cm. 
504 |a Bibliografa̕ 
506 1 |a Contenido solo disponible en los productos indicados  |d vLex Global  |d vLex Global (Academic Edition, excluding Law Schools)  |d vLex Global (U.S. Academic Edition, Law Schools)  |d vLex Global (U.S. Academic Edition, excluding Law Schools)  |d vLex Global (Academic Edition, Law Schools) 
650 4 |a Derechos reales  |z Espaą 
700 1 |a Clemente Meoro, Mario E.  |e coord. 
740 0 |a vLex Libros (Servicio en ln̕ea) 
830 0 |a Cuadernos prc̀ticos Bolonia.  |p Derechos reales;  |v 5 
856 4 0 |u http://vlex.com/source/cuadernos-practicos-bolonia-derechos-reales-limitados-goce-5757  |z Acceso restringido 
942 |c BOOK